LEADER 01109nam a2200277 4500 001 000000364818 003 CaOOAMICUS 005 20251030115507.0 008 251024s1997 it 000 u ita r 020 $a88-15-06067-7 040 $aSeMil$bita 100 1 $aOutram, Dorinda.$0(OLS)http://semarc/name/123014 240 14$aThe Enlightenment.$0(OLS)http://semarc/title/107911 245 12$aL'Illuminismo /$cDorinda Outram. 264 1$aBologna :$bIl Mulino,$c1997. 300 $a190 p. ;$c21 cm 490 1 $aUniversale paperbacks Il Mulino ;$v317 650 4$aIlluminismo - Storia.$0(OLS)http://semarc/subject/57646 830 0$aUniversale paperbacks Il Mulino ;$v317.$0(OLS)http://semarc/title/5937 850 $aSeMil 852 $aSeMil$W1$xVenegono$y1$m3U II 666$j264070$B255640$CSeMilBibl$Z2$F255640 $81 961 $aBuzzi mons. Franco - Omaggio 996 $6020$a88-15-06067-7$9(OLS)http://semarc/number/304407 996 $6245$aL'Illuminismo$9(OLS)http://semarc/title/240304 996 $6264$aBologna :$bIl Mulino$9(OLS)http://semarc/publisher/29842 LEADER 01112nam a2200265 i 4500 001 000000071328 003 CaOOAMICUS 005 20250214130152.0 008 090109s1968 it u000 u ita u 040 $aSeMil$bita 100 1 $aMarcus Aurelius Antoninus .$0(OLS)http://semarc/name/29786 245 12$aI ricordi /$cMarco Aurelio ; traduzione di Francesco Cazzamini-Mussi ; revisione, introduzione e note di Carlo Carena. 264 1$aTorino :$bGiulio Einaudi,$c1968. 300 $aXIX, 203 p. ;$c23 cm. 490 1 $aI millenni 700 1 $aCarena, Carlo,$d<1925-2023>.$0(OLS)http://semarc/name/3861 700 1 $aCazzamini Mussi, Francesco.$0(OLS)http://semarc/name/35464 830 2$aI millenni.$0(OLS)http://semarc/title/7877 850 $aSeMil 852 $aSeMil$W1$xVenegono$y1$m1X III 222$j237990$B37481$CSeMilBibl$Z2$F37484 $81 941 1 $a3 961 $aLascito: Colombo Card. Giovanni 996 $6245$aI ricordi$9(OLS)http://semarc/title/24467 996 $6264$aTorino :$bGiulio Einaudi$9(OLS)http://semarc/publisher/29810